LEADER 01295nam a2200265 i 4500 001 000000222630 003 CaOOAMICUS 005 20231114101805.0 008 130923s2011 it u000 u ita u 040 $aSeMil$bita 100 1 $aColombo, Giovanni,$c.$0(OLS)http://semarc/name/1549 245 13$aL'abate Antonio Stoppani :$bprologo a Il Bel Paese di Antonio Stoppani edito in Lecco nel 1893 per i tipi di Ettore Bartolozzi /$cGiovanni Colombo. 264 1$aCaronno Pertusella :$b[s.n.],$c2011. 300 $a12 p. ;$c21 cm. 490 1 $aI quaderni colombiani ;$v58 500 $aIn copertina : Omaggio al Cardinale Angelo Scola, leucensis. 600 14$aStoppani, Antonio <1824-1891>.$0(OLS)http://semarc/subject/44954 830 2$aI quaderni colombiani ;$v58.$0(OLS)http://semarc/title/21284 850 $aSeMil 852 $aSeMil$W1$xVenegono$y1$m5B III 24/22$j172976$B172976$CSeMilBibl$Z2$F183299 $81 941 1 $a6 961 $aRecupero: Altro 996 $6245$aL'abate Antonio Stoppani :$bprologo a Il Bel Paese di Antonio Stoppani edito in Lecco nel 1893 per i tipi di Ettore Bartolozzi$9(OLS)http://semarc/title/319163 996 $6264$aCaronno Pertusella :$b[s.n.]$9(OLS)http://semarc/publisher/37886 LEADER 01329nam a2200229 i 4500 001 000000068766 003 CaOOAMICUS 005 20100806000000.0 008 100806s1904 it u000 u ita u 013 $a39938 040 $aSeMil$bita 100 1 $aFarges, Albert,$d<1848-1926>.$0(OLS)http://semarc/name/8990 245 12$aL'idea del continuo nello spazio e nel tempo :$bconfutazione del Kantismo, del dinamismo e del realismo /$cAlberto Farges ; versione italiana autorizzata dall'autore sulla 5. ed. francese coll'aggiunta di varie figure per cura di Uno studioso di discipline filosofiche. 260 $aSiena :$bTip. Pontificia S. Bernardino,$c1904. 300 $aXVI, 260 p. :$b[1] ritr. ;$c26 cm. 490 0 $aBiblioteca del clero : pubblicazione periodica per facilitare al clero l'acquisto delle pił importanti opere moderne ;$v46. 650 4$aMetafisica.$0(OLS)http://semarc/subject/188 830 0$aBiblioteca del clero ;$v46.$0(OLS)http://semarc/title/19422 850 $aSeMil 852 $aSeMil$W1$xVenegono$y1$m2O IV 47$j34919$B34919$CSeMilBibl$Z2$F34922 $81 996 $6245$aL'idea del continuo nello spazio e nel tempo :$bconfutazione del Kantismo, del dinamismo e del realismo$9(OLS)http://semarc/title/109931 996 $6260$aSiena :$bTip. Pontificia S. Bernardino$9(OLS)http://semarc/publisher/33971